Statistics for Top 10 Manchester United players in every position

Click here to take the quiz!

General Stats

  • This quiz has been taken 27 times
  • The average score is 47 of 90

Answer Stats

PositionAppearancesAnswer% Correct
Goalkeeper397David de gea
100%
Left back164Luke Shaw
100%
Left back273Patrice Evra
100%
Goalkeeper186Edwin Van der sar
95%
Right back400Gary Neville
95%
Central midfielder499Paul Scholes
95%
Goalkeeper252Peter Schmeichel
95%
Left back263Phil Neville
95%
Centre back312Rio Ferdinand
95%
Left winger632Ryan Giggs
95%
Left winger236Cristiano Ronaldo
90%
Centre back211Nemanja Vidic
90%
Central midfielder316Michael Carrick
86%
Striker393Wayne Rooney
86%
Right winger265David Beckham
81%
Left winger224Marcus Rashford
81%
Central midfielder326Roy Keane
81%
Striker195Andy Cole
76%
Goalkeeper92Fabian Barthez
76%
Striker86Robin van Persie
76%
Right back232Wes Brown
76%
Attacking midfielder143Eric Cantona
71%
Left back296Dennis Irwin
67%
Striker96Dwight Yorke
67%
Right back256John O'Shea
67%
Central midfielder270Nicky Butt
67%
Central midfielder157Paul Pogba
67%
Striker150Ruud van Nistelrooy
67%
Striker33Zlatan Ibrahimovic
67%
Right back241Antonio Valencia
62%
Striker235Ole Gunnar Solskjaer
62%
Right back96Aaron Wan-Bissaka
57%
Left winger184Anthony Martial
57%
Left back192Ashley Young
57%
Attacking midfielder106Bruno Fernandes
57%
Central midfielder223Darren Fletcher
57%
Left winger147Nani
57%
Centre back169Phil Jones
57%
Striker104Teddy Sheringham
57%
Right back206Chris Smalling
52%
Right back58Diogo Dalot
52%
Central midfielder27Owen Hargreaves
52%
Goalkeeper7Sergio Romero
52%
Centre back79Jaap Stam
48%
Right winger103Javier Hernandez
48%
Centre back148Steve Bruce
48%
Left back22Fabio da Silva
43%
Attacking midfielder196Juan Mata
43%
Right back109Rafael da Silva
43%
Centre back37Raphael Varane
43%
Central midfielder132Ander Herrera
38%
Attacking midfielder105Anderson
38%
Attacking midfielder88Andrei Kanchelskis
38%
Right winger11Antony
38%
Centre back206Gary Pallister
38%
Right winger39Jadon Sancho
38%
Goalkeeper23Mark Bosnich
38%
Striker111Mark Hughes
38%
Centre back249Mikael Silvestre
38%
Right back79Paul Parker
38%
Goalkeeper49Roy Carroll
38%
Goalkeeper45Tim Howard
38%
Right winger27Angel Di Maria
33%
Attacking midfielder162Brian Mcclair
33%
Central midfielder29Bryan Robson
33%
Left winger116Lee Sharpe
33%
Centre back18Lisandro Martinez
33%
Right winger83Mason Greenwood
33%
Central midfielder116Paul Ince
33%
Left winger32Alexis Sanchez
29%
Left back30Alex Telles
29%
Centre back66Henning Berg
29%
Attacking midfielder149Jesse Lingard
29%
Attacking midfielder134Park Ji Sung
29%
Goalkeeper37Raimond van der gouw
29%
Left back13Alexander Buttner
24%
Left winger50Daniel James
24%
Left back52Gabriel Heinze
24%
Left winger25Jesper Blomqvist
24%
Right back60Matteo Darmian
24%
Left winger33Memphis Depay
24%
Attacking midfielder38Shinji Kagawa
24%
Goalkeeper32Tomasz Kuszczak
24%
Striker92Danny Welbeck
19%
Attacking midfielder34Jordi Cruyff
19%
Right winger50Adnan Januzaj
14%
Left back21Brandon Williams
14%
Right winger39Henrikh Mkhitaryan
14%
Right winger32Karol Poborsky
14%
Right winger41Kieran Richardson
10%

Score Distribution

Percentile by Number Answered

Percent of People with Each Score

Your Score History

You have not taken this quiz